China's wrong conception of India. (Record no. 63810)

MARC details
000 -LEADER
fixed length control field 00606cam a22002171 4500
001 - CONTROL NUMBER
control field sa 65004542
003 - CONTROL NUMBER IDENTIFIER
control field DLC
005 - DATE AND TIME OF LATEST TRANSACTION
control field 20260227112131.0
008 - FIXED-LENGTH DATA ELEMENTS--GENERAL INFORMATION
fixed length control field 800516s1962 ii 000 0 eng
010 ## - LIBRARY OF CONGRESS CONTROL NUMBER
LC control number sa 65004542
025 ## - OVERSEAS ACQUISITION NUMBER
Overseas acquisition number PL480:I-E-1556
035 ## - SYSTEM CONTROL NUMBER
System control number (OCoLC)6324357
040 ## - CATALOGING SOURCE
Original cataloging agency DLC
Transcribing agency MH
Modifying agency DLC
042 ## - AUTHENTICATION CODE
Authentication code premarc
050 00 - LIBRARY OF CONGRESS CALL NUMBER
Classification number DS480.85
Item number .P28
100 1# - MAIN ENTRY--PERSONAL NAME
Personal name Paliwal, Om Prakash.
245 10 - TITLE STATEMENT
Title China's wrong conception of India.
260 ## - PUBLICATION, DISTRIBUTION, ETC.
Place of publication, distribution, etc. New Delhi,
Name of publisher, distributor, etc. Indian Association for Afro-Asian Solidarity
Date of publication, distribution, etc. [1962]
300 ## - PHYSICAL DESCRIPTION
Extent ix, 20 p.
Dimensions 22 cm.
650 #0 - SUBJECT ADDED ENTRY--TOPICAL TERM
Topical term or geographic name entry element Sino-Indian Border Dispute, 1957-

No items available.

Powered by Koha